La ética de Sócrates

Gespeichert in:
Bibliographische Detailangaben
1. Verfasser: Gómez-Lobo M., Alfonso (VerfasserIn)
Format: Buch
Sprache:Spanisch
Veröffentlicht: Santiago Andrés Bello 1998
Ausgabe:2a. ed
Schlagworte:
Tags: Tag hinzufügen
Keine Tags, Fügen Sie den ersten Tag hinzu!

MARC

LEADER 00000nam a2200000 a 4500
001 UCM8702
003 CL-VaPUC
008 030321e19980000CL |||||||||||||||||spa|d
020 |a 8489691908 
082 0 4 |a 183.2  |b GOM  |2 21 
100 |a Gómez-Lobo M., Alfonso  |e author  |9 591716 
245 1 3 |a La ética de Sócrates 
250 |a 2a. ed 
300 |a 245 p 
942 |c BK 
945 |d 20030321 00:00:00  |a cmena 
260 |a Santiago  |b Andrés Bello  |c 1998 
600 0 |a Sócrates  |9 266368 
650 0 |a Ética  |9 255099 
650 0 |a Crítica e interpretación   |9 255042 
583 |a last modification  |c 20030321 00:00:00  |k Rodrigo Vera 
999 |c 303151  |d 303149 
952 |0 0  |1 0  |4 0  |6 183_200000000000000_GOM_1998  |7 0  |8 A  |9 364267  |a BIBHIS  |b BIBHIS  |d 2019-11-21  |i 3881369  |o 183.2 GOM 1998  |p 3881369  |r 2025-01-20  |w 2019-11-21  |y BK  |k HIS 
952 |0 0  |1 0  |4 0  |6 183_200000000000000_GOM_1998  |7 0  |8 A  |9 364268  |a BIBGIM  |b BIBGIM  |d 2019-11-21  |i 4663020  |o 183.2 GOM 1998  |p 4663020  |r 2025-01-15  |w 2019-11-21  |y BK  |k GIM